[Event "IECC O-4936"]
[Site "IECC email"]
[Date "2020.11.18"]
[Round "?"]
[White "Hathaway, Keith William"]
[Black "Kellaway, Ted"]
[Result "0-1"]
[WhiteElo "1006"]
[BlackElo "1054"]
[PlyCount "52"]
[EventDate "2020.??.??"]
[EventType "swiss (corr)"]
[EventRounds "2"]
[SourceTitle "Corr 2024"]
[Source "ChessBase"]
[SourceDate "2023.10.19"]
[SourceVersion "1"]
[SourceVersionDate "2023.10.19"]
[SourceQuality "1"]
[WhiteTeam "Vereinigte Staaten"]
[BlackTeam "Südafrika"]
[WhiteTeamCountry "USA"]
[BlackTeamCountry "RSA"]

1. e4 e5 2. Nf3 Nc6 3. Nc3 Bc5 4. Nxe5 Bd4 5. Nf3 d6 6. Bb5 Nf6 7. 0-0 0-0 8. Bxc6 Bxc3 9. Ba4 Ba5 10. c3 Nxe4 11. d3 Nc5 12. Bg5 f6 13. Bb3+ Be6 14. Bxe6+ Nxe6 15. Be3 Qd7 16. Qb3 b6 17. Rfe1 Rae8 18. Nd4 Kh8 19. Nxe6 Rxe6 20. d4 d5 21. Bd2 Rfe8 22. h3 g5 23. Rxe6 Qxe6 24. Re1 Qd7 25. Rxe8+ Qxe8 26. Qxd5 Kg7 0-1

[Event "IECC O-4858"]
[Site "IECC email"]
[Date "2019.12.09"]
[Round "?"]
[White "Kellaway, Ted"]
[Black "Salmon, Graham"]
[Result "1-0"]
[WhiteElo "1075"]
[BlackElo "1163"]
[PlyCount "39"]
[EventDate "2019.??.??"]
[EventType "swiss (corr)"]
[EventRounds "2"]
[SourceTitle "Corr 2024"]
[Source "ChessBase"]
[SourceDate "2023.10.19"]
[SourceVersion "1"]
[SourceVersionDate "2023.10.19"]
[SourceQuality "1"]
[WhiteTeam "Südafrika"]
[BlackTeam "England"]
[WhiteTeamCountry "RSA"]
[BlackTeamCountry "ENG"]

1. d4 c6 2. e4 d5 3. e5 Bf5 4. Bd3 Bxd3 5. Qxd3 f6 6. Nf3 Nh6 7. Be3 g5 8. Nc3 Bg7 9. 0-0-0 0-0 10. e6 Qd6 11. Rde1 Ng4 12. a3 Nxe3 13. Rxe3 Na6 14. Na4 g4 15. Nh4 Qc7 16. g3 Bh6 17. Nf5 Bxe3+ 18. Qxe3 Kh8 19. Qh6 Rg8 20. h3 1-0

[Event "IECC O-4851"]
[Site "IECC email"]
[Date "2019.10.13"]
[Round "?"]
[White "Desrochers, Marcel"]
[Black "Kellaway, Ted"]
[Result "1-0"]
[WhiteElo "1100"]
[BlackElo "1094"]
[PlyCount "80"]
[EventDate "2019.??.??"]
[EventType "swiss (corr)"]
[EventRounds "2"]
[SourceTitle "Corr 2024"]
[Source "ChessBase"]
[SourceDate "2023.10.19"]
[SourceVersion "1"]
[SourceVersionDate "2023.10.19"]
[SourceQuality "1"]
[WhiteTeam "Kanada"]
[BlackTeam "Südafrika"]
[WhiteTeamCountry "CAN"]
[BlackTeamCountry "RSA"]

1. Nf3 e6 2. Nc3 c6 3. d4 d5 4. e4 Be7 5. e5 Bd7 6. a3 c5 7. dxc5 Bxc5 8. b4 Bb6 9. Nb5 Bxb5 10. Bxb5+ Nd7 11. Qd3 a6 12. Ba4 Ne7 13. Bg5 Qc7 14. Bxe7 Kxe7 15. Bxd7 Qxd7 16. 0-0 Rac8 17. Rac1 Rc6 18. Rfd1 h6 19. c4 d4 20. Nxd4 Qxd4 21. Qxd4 Bxd4 22. Rxd4 Rd8 23. Rxd8 Kxd8 24. c5 b5 25. Rd1+ Ke7 26. Rd6 Rxd6 27. cxd6+ Kd7 28. Kf1 f5 29. f4 g5 30. g3 g4 31. Ke2 Ke8 32. Kd3 Kd7 33. Kc3 Kc6 34. Kb3 Kb6 35. a4 Kc6 36. axb5+ axb5 37. Kc3 Kd7 38. Kd4 Kc6 39. d7 Kxd7 40. Kc5 Kc7 1-0

[Event "IECC O-4767"]
[Site "IECC email"]
[Date "2018.11.17"]
[Round "?"]
[White "Kellaway, Ted"]
[Black "Phillips, Dave"]
[Result "0-1"]
[WhiteElo "1084"]
[BlackElo "1075"]
[PlyCount "64"]
[EventDate "2018.??.??"]
[EventType "swiss (corr)"]
[EventRounds "2"]
[SourceTitle "Corr 2020"]
[Source "ChessBase"]
[SourceDate "2019.09.30"]
[SourceVersion "1"]
[SourceVersionDate "2019.09.30"]
[SourceQuality "1"]
[WhiteTeam "South Africa"]
[BlackTeam "England"]
[WhiteTeamCountry "RSA"]
[BlackTeamCountry "ENG"]

1. d4 d5 2. Nf3 e6 3. Nc3 Bd6 4. e3 Nf6 5. Bd3 0-0 6. 0-0 Nc6 7. a3 e5 8. dxe5 Nxe5 9. Nd4 c5 10. Nf3 Bg4 11. Be2 Bxf3 12. Bxf3 Nxf3+ 13. Qxf3 h6 14. Bd2 a6 15. Rad1 Qe8 16. Nxd5 Ne4 17. Qg4 f5 18. Qe2 Qc6 19. c4 b5 20. b3 Rad8 21. Nf4 Bxf4 22. exf4 Rf6 23. Bc3 Rxd1 24. Qxd1 Nxc3 25. Qd3 Rg6 26. f3 Qf6 27. Qd2 b4 28. Ra1 Ne2+ 29. Kf2 Qxa1 30. g3 Nd4 31. axb4 cxb4 32. Qxb4 Qa2+ 0-1

[Event "IECC O-4736"]
[Site "IECC email"]
[Date "2018.08.19"]
[Round "?"]
[White "Kellaway, Ted"]
[Black "Rosenkoetter, David Arthur"]
[Result "0-1"]
[WhiteElo "1104"]
[BlackElo "1089"]
[PlyCount "86"]
[EventDate "2018.??.??"]
[EventType "swiss (corr)"]
[EventRounds "2"]
[SourceTitle "Corr 2020"]
[Source "ChessBase"]
[SourceDate "2019.09.30"]
[SourceVersion "1"]
[SourceVersionDate "2019.09.30"]
[SourceQuality "1"]
[WhiteTeam "South Africa"]
[BlackTeam "United States"]
[WhiteTeamCountry "RSA"]
[BlackTeamCountry "USA"]

1. d4 Nf6 2. f3 e6 3. e4 d5 4. e5 Nfd7 5. Be3 c5 6. c4 Nc6 7. Nc3 Qb6 8. b3 cxd4 9. Na4 Bb4+ 10. Bd2 Bxd2+ 11. Qxd2 Qb4 12. Qxb4 Nxb4 13. Rd1 Nxe5 14. Rd2 d3 15. Nc5 dxc4 16. bxc4 Nxc4 17. Rd1 d2+ 18. Kf2 0-0 19. Bxc4 Rd8 20. Ne2 b6 21. Ne4 Nd3+ 22. Kf1 Nb2 23. Rxd2 Rxd2 24. Nxd2 Bb7 25. Bb3 Ba6 26. Kf2 Rd8 27. Ke3 Rd3+ 28. Kf2 Rxd2 29. Rc1 Nd3+ 30. Ke3 Nxc1 31. Nxc1 Rxg2 32. h4 h5 33. f4 Rh2 34. Kf3 Rxh4 35. Ke3 f5 36. Bxe6+ Kf8 37. Bxf5 Ke7 38. Bd3 Bxd3 39. Nxd3 Rh3+ 40. Ke4 Rxd3 41. Kxd3 Kf6 42. Ke3 h4 43. Kf3 a5 0-1

[Event "IECC O-4721"]
[Site "IECC email"]
[Date "2018.07.13"]
[Round "?"]
[White "Beatty, Vincent"]
[Black "Kellaway, Ted"]
[Result "1/2-1/2"]
[WhiteElo "1115"]
[BlackElo "1103"]
[PlyCount "99"]
[EventDate "2018.??.??"]
[EventType "swiss (corr)"]
[EventRounds "2"]
[SourceTitle "Corr 2020"]
[Source "ChessBase"]
[SourceDate "2019.09.30"]
[SourceVersion "1"]
[SourceVersionDate "2019.09.30"]
[SourceQuality "1"]
[WhiteTeam "United States"]
[BlackTeam "South Africa"]
[WhiteTeamCountry "USA"]
[BlackTeamCountry "RSA"]

1. Nf3 d5 2. d4 Nc6 3. e3 Nf6 4. Nc3 Bg4 5. Be2 Qd7 6. Bd2 Ne4 7. Ne5 Nxe5 8. dxe5 Bf5 9. Bf3 e6 10. Ne2 Bc5 11. Nd4 Bb6 12. Qe2 0-0 13. Nxf5 exf5 14. Bxe4 fxe4 15. 0-0-0 Rfe8 16. Bc3 Rad8 17. f3 Qe6 18. b3 Qc6 19. Bb2 Bc5 20. fxe4 dxe4 21. Rxd8 Rxd8 22. Rd1 Rf8 23. Qd2 Be7 24. Qd7 Qc5 25. Qd4 Qc6 26. Qd5 Qxd5 27. Rxd5 Bg5 28. Kd2 c6 29. Rd7 Rd8 30. Rxd8+ Bxd8 31. Ke2 h6 32. g4 g5 33. Kf2 f6 34. e6 Kf8 35. Ba3+ Be7 36. Bb2 b6 37. Bc3 Ke8 38. Kg2 a6 39. Be1 Bd6 40. Bg3 Ke7 41. Bxd6+ Kxd6 42. e7 Kxe7 43. Kf2 Ke6 44. Ke2 Kd5 45. Kd2 c5 46. c4+ Kc6 47. Kc3 b5 48. a3 a5 49. h3 b4+ 50. Kb2 1/2-1/2

[Event "IECC O-4711"]
[Site "IECC email"]
[Date "2018.06.19"]
[Round "?"]
[White "Nilsson, Bjoern"]
[Black "Kellaway, Ted"]
[Result "0-1"]
[WhiteElo "870"]
[BlackElo "1112"]
[PlyCount "80"]
[EventDate "2018.??.??"]
[EventType "swiss (corr)"]
[EventRounds "2"]
[SourceTitle "Corr 2020"]
[Source "ChessBase"]
[SourceDate "2019.09.30"]
[SourceVersion "1"]
[SourceVersionDate "2019.09.30"]
[SourceQuality "1"]
[WhiteTeam "Sweden"]
[BlackTeam "South Africa"]
[WhiteTeamCountry "SWE"]
[BlackTeamCountry "RSA"]

1. d4 d5 2. e3 Nc6 3. Qe2 Bd7 4. g3 Nf6 5. Qf3 Bg4 6. Qg2 e6 7. Nc3 Nb4 8. f3 Bf5 9. a3 Nxc2+ 10. Kd1 Nxa1 11. g4 Bc2+ 12. Kd2 Be7 13. g5 Nh5 14. Nh3 g6 15. b4 Qd7 16. Bb2 Bf5 17. Nf2 f6 18. h4 e5 19. Bxa1 c6 20. Ne2 h6 21. Kc3 b6 22. Kb3 0-0 23. Qh2 Bd6 24. f4 e4 25. Bh3 a5 26. Bc3 axb4 27. Bxb4 Ra6 28. Ra1 b5 29. Bc3 Rfa8 30. a4 b4 31. Bxb4 Qb7 32. Nc3 Qxb4+ 33. Kc2 Qc4 34. Kd2 Bb4 35. Rc1 Rxa4 36. Kc2 Bxc3 37. Nd1 Ra2+ 38. Kb1 Rxh2 39. Rxc3 Qa2+ 40. Kc1 Qa1# 0-1

[Event "IECC O-4544"]
[Site "IECC email"]
[Date "2017.05.31"]
[Round "?"]
[White "Kellaway, Ted"]
[Black "Adelman, Eric"]
[Result "1-0"]
[WhiteElo "1060"]
[BlackElo "1000"]
[PlyCount "37"]
[EventDate "2017.??.??"]
[EventType "swiss (corr)"]
[EventRounds "2"]
[SourceTitle "Corr 2020"]
[Source "ChessBase"]
[SourceDate "2019.09.30"]
[SourceVersion "1"]
[SourceVersionDate "2019.09.30"]
[SourceQuality "1"]
[WhiteTeam "South Africa"]
[BlackTeam "United States"]
[WhiteTeamCountry "RSA"]
[BlackTeamCountry "USA"]

1. d4 e5 2. e4 d5 3. Nc3 Nf6 4. f3 Bb4 5. Be3 Nc6 6. Bb5 0-0 7. Nge2 exd4 8. Bxd4 a6 9. Bxc6 bxc6 10. 0-0 c5 11. Bxf6 gxf6 12. exd5 Re8 13. Qd3 Re5 14. Nf4 Bf5 15. Qd2 c6 16. d6 Ra7 17. Nh5 Rd7 18. Rad1 a5 19. a3 1-0

[Event "IECC O-4043"]
[Site "IECC email"]
[Date "2015.09.12"]
[Round "?"]
[White "Kellaway, Ted"]
[Black "Grapenfalk, Ulf Hakan"]
[Result "1/2-1/2"]
[WhiteElo "1113"]
[BlackElo "1288"]
[PlyCount "59"]
[EventDate "2015.??.??"]
[EventType "swiss (corr)"]
[EventRounds "2"]
[SourceTitle "Corr 2020"]
[Source "ChessBase"]
[SourceDate "2019.09.30"]
[SourceVersion "1"]
[SourceVersionDate "2019.09.30"]
[SourceQuality "1"]
[WhiteTeam "South Africa"]
[BlackTeam "Sweden"]
[WhiteTeamCountry "RSA"]
[BlackTeamCountry "SWE"]

1. d4 f5 2. Nc3 d5 3. Nf3 g6 4. Bf4 c6 5. Be5 Nf6 6. e3 Bg7 7. Bd3 0-0 8. Qd2 Nbd7 9. Ng5 Nxe5 10. dxe5 Ne4 11. Qc1 Nxg5 12. f4 Ne4 13. Nd1 Be6 14. c3 a6 15. b4 Bd7 16. a3 e6 17. g3 Kh8 18. Qb2 b5 19. a4 Qe7 20. a5 c5 21. h4 cxb4 22. Qxb4 Qxb4 23. cxb4 Rac8 24. Bxe4 dxe4 25. 0-0 Rc7 26. Nf2 Rfc8 27. Rad1 Be8 28. g4 Rb7 29. Kg2 Kg8 30. Nh3 1/2-1/2

[Event "IECC O-4020"]
[Site "IECC email"]
[Date "2015.07.03"]
[Round "?"]
[White "Kellaway, Ted"]
[Black "Boone, Donald Loyd"]
[Result "0-1"]
[WhiteElo "1163"]
[BlackElo "1060"]
[PlyCount "106"]
[EventDate "2015.??.??"]
[EventType "swiss (corr)"]
[EventRounds "2"]
[SourceTitle "Corr 2020"]
[Source "ChessBase"]
[SourceDate "2019.09.30"]
[SourceVersion "1"]
[SourceVersionDate "2019.09.30"]
[SourceQuality "1"]
[WhiteTeam "South Africa"]
[BlackTeam "United States"]
[WhiteTeamCountry "RSA"]
[BlackTeamCountry "USA"]

1. e4 e5 2. d4 h6 3. Bc4 c6 4. d5 b5 5. Be2 Nf6 6. f3 Bc5 7. Nh3 d6 8. Bd2 Bxh3 9. gxh3 cxd5 10. Bxb5+ Nbd7 11. Bc6 Rb8 12. exd5 0-0 13. b3 Nb6 14. Ba5 Nh5 15. c3 Qh4+ 16. Kd2 Qf4+ 17. Kc2 Qf5+ 18. Qd3 Qxd3+ 19. Kxd3 Nf4+ 20. Kc2 Nfxd5 21. Bb5 Ne3+ 22. Kd2 Nbd5 23. Bd3 Nf4 24. b4 Bb6 25. Na3 Ned5 26. Nc4 Bxa5 27. Nxa5 Nxd3 28. Kxd3 Rbc8 29. c4 Nf4+ 30. Kd2 Nxh3 31. a4 f5 32. Ra3 f4 33. Rd1 Rc7 34. Ke1 Ng5 35. Rxd6 Nxf3+ 36. Rxf3 e4 37. Rc6 Rxc6 38. Nxc6 exf3 39. Kf2 Rf6 40. b5 a6 41. Ne7+ Kf7 42. Nd5 Rf5 43. Nb6 axb5 44. axb5 Ke8 45. Na4 Kd8 46. Nb6 g5 47. h3 Rc5 48. Kxf3 Kc7 49. Nd5+ Rxd5 50. cxd5 Kd6 51. h4 Kxd5 52. hxg5 hxg5 53. Ke2 Kc5 0-1

[Event "IECC O-4005"]
[Site "IECC email"]
[Date "2015.04.25"]
[Round "?"]
[White "Kellaway, Ted"]
[Black "Boone, Donald Loyd"]
[Result "1-0"]
[WhiteElo "1147"]
[BlackElo "1050"]
[PlyCount "69"]
[EventDate "2015.??.??"]
[EventType "swiss (corr)"]
[EventRounds "2"]
[SourceTitle "Corr 2020"]
[Source "ChessBase"]
[SourceDate "2019.09.30"]
[SourceVersion "1"]
[SourceVersionDate "2019.09.30"]
[SourceQuality "1"]
[WhiteTeam "South Africa"]
[BlackTeam "United States"]
[WhiteTeamCountry "RSA"]
[BlackTeamCountry "USA"]

1. d4 d5 2. Nc3 Nf6 3. f3 c5 4. e4 dxe4 5. dxc5 Nc6 6. Be3 Qxd1+ 7. Rxd1 exf3 8. gxf3 g6 9. a3 Bg7 10. Bb5 0-0 11. Nge2 Ne5 12. Nd4 a6 13. Be2 Ned7 14. b4 e5 15. Nb3 e4 16. fxe4 Ne5 17. h3 Be6 18. Na5 Nc6 19. Nxb7 Ra7 20. Nd6 Rd7 21. Bxa6 Nh5 22. Ne2 Be5 23. Bb5 Bxd6 24. Kf2 Rc8 25. cxd6 Nf6 26. Nc3 Rdd8 27. Kg2 Na7 28. Bb6 Nxb5 29. Bxd8 Nxc3 30. Bxf6 Nxd1 31. Rxd1 Rxc2+ 32. Kg3 Bd7 33. Rd3 Bb5 34. Rc3 Re2 35. Rc8+ 1-0

[Event "IECC O-3989"]
[Site "IECC email"]
[Date "2015.03.15"]
[Round "?"]
[White "Kellaway, Ted"]
[Black "Gamba, Juan Manuel"]
[Result "0-1"]
[WhiteElo "1172"]
[BlackElo "1173"]
[PlyCount "55"]
[EventDate "2015.??.??"]
[EventType "swiss (corr)"]
[EventRounds "2"]
[SourceTitle "Corr 2020"]
[Source "ChessBase"]
[SourceDate "2019.09.30"]
[SourceVersion "1"]
[SourceVersionDate "2019.09.30"]
[SourceQuality "1"]
[WhiteTeam "South Africa"]
[BlackTeam "Argentina"]
[WhiteTeamCountry "RSA"]
[BlackTeamCountry "ARG"]

1. d4 Nf6 2. f3 e6 3. e4 d5 4. e5 Nfd7 5. g3 c5 6. Be3 cxd4 7. Bxd4 Nc6 8. f4 Nxd4 9. Qxd4 Bc5 10. Qc3 Qb6 11. Nf3 Bb4 12. b3 Bxc3+ 13. Nxc3 Qb4 14. Kd2 d4 15. Nxd4 Qxd4+ 16. Bd3 Nc5 17. Rad1 Nxd3 18. cxd3 0-0 19. Rde1 Rd8 20. Re3 b6 21. Ne2 Qd5 22. Rg1 Ba6 23. Nc1 Rac8 24. Rge1 Rxc1 25. Rxc1 Bxd3 26. Rc3 Qg2+ 27. Kc1 Be4 28. Rxe4 0-1